000 00557nam a2200193Ia 4500
003 GCL
008 140319s9999 xx 000 0 eng d
040 _aGCL /
_cGCL
082 0 4 _a005.74
_bG G
100 1 _aSACHS, DAVID
245 1 0 _aGETTING STARTED WITH DBASE IV: FOR THE IBM EC 3.5 INCH DATADISK /
_cSACHS, DAVID
700 1 _aGAYLARD, HENRY H.
700 1 _aKRONSTAT, BABETTE
260 _a[S.N] :
_bJOHN WILEY AND SONS. INC ،
_c1993
300 _a141 P
650 0 4 _aDBASEII( COMPUTER PROGRAM )
650 0 4 _aCOMPUTER PROGRM
942 _2ddc
_cBK
999 _c17151
_d17151